000 00510nam a22001577a 4500
005 20251108164053.0
008 250721s1988 xx 000 0 ara d
082 1 4 _a001.94/طرا
245 1 0 _aطرائف و حوادث لا تصدق /
264 1 _aدمشق :
_bدار الكتاب العربي،
_c1988.
300 _aج2.:مصور
650 1 7 _aعجائب و غرائب
710 2 _aقسم الترجمه و الأعداد دار الكتاب العربي
_eاعداد
942 _2ddc
_cBK
999 _c2844
_d2844